Tous les pays commençant par M. - Statistiques

Statistiques générales
  • Ce quiz a été pris 312 fois
  • Le résultat moyen est 11 sur 16
Statistiques - réponses
Réponse % Correct
Maroc
80%
Mauritanie
80%
Moldavie
78%
Mexique
77%
Macédoine
74%
Monténégro
73%
Madagascar
70%
Mali
70%
Malte
69%
Monaco
68%
Mozambique
64%
Malawi
61%
Malaisie
59%
Mongolie
59%
Maldives
51%
Maurice
47%
Aucun quiz correspondant
Distribution des résultats
% des personnes avec chaque résultat
Percentile par nombre de réponses
Votre historique - résultats
Vous n’avez pas pris ce quiz